Pays qui contiennent la lettre B - Statistiques

Statistiques générales
  • Ce quiz a été pris 295 fois
  • Le résultat moyen est 30 sur 48
Statistiques - réponses
Indice Pays % Correct
1 x B Belgique
92%
1 x B Brésil
84%
1 x B Bolivie
83%
1 x B Bhoutan
82%
1 x B Biélorussie
80%
1 x B Bahamas
79%
2 x B Barbade
79%
1 x B Birmanie
78%
1 x B Bangladesh
75%
1 x B Bulgarie
75%
1 x B Burkina Faso
75%
1 x B Botswana
74%
1 x B Burundi
74%
1 x B Belize
71%
1 x B Bosnie-Herzégovine
71%
1 x B Bénin
70%
1 x B Arabie Saoudite
69%
1 x B Bahreïn
69%
1 x B Brunei
67%
1 x B Colombie
63%
1 x B Ouzbékistan
63%
1 x B Liban
62%
1 x B République Démocratique du Congo
62%
1 x B Azerbaïdjan
61%
1 x B Cambodge
61%
1 x B Albanie
60%
1 x B République du Congo
60%
1 x B Libye
59%
1 x B Djibouti
58%
1 x B Cuba
57%
1 x B Pays-Bas
57%
1 x B Serbie
56%
2 x B Antigua-et-Barbuda
55%
1 x B Gabon
55%
1 x B Gambie
55%
1 x B Luxembourg
55%
1 x B République Dominicaine
55%
1 x B République Tchèque
54%
1 x B Mozambique
52%
1 x B Namibie
52%
2 x B Zimbabwe
52%
1 x B Zambie
51%
1 x B Émirats Arabes Unis
50%
1 x B République Centrafricaine
50%
1 x B Guinée-Bissau
49%
1 x B Liberia
46%
1 x B Trinité-et-Tobago
45%
1 x B Kiribati
39%
Aucun quiz correspondant
Distribution des résultats
% des personnes avec chaque résultat
Percentile par nombre de réponses
Votre historique - résultats
Vous n’avez pas pris ce quiz